Socialismo y medio ambiente. (Record no. 12153)

MARC details
000 -CABECERA
campo de control de longitud fija 01230nam a2200325 4500
003 - IDENTIFICADOR DEL NÚMERO DE CONTROL
campo de control MX-MxINE
005 - FECHA Y HORA DE LA ÚLTIMA TRANSACCIÓN
campo de control 20260530113912.0
008 - DATOS DE LONGITUD FIJA--INFORMACIÓN GENERAL
campo de control de longitud fija 260505b1976 sp |||| |||| 00| 0 spa d
020 ## - NÚMERO INTERNACIONAL ESTÁNDAR DEL LIBRO
Número Internacional Estándar del Libro 8425206316
040 ## - FUENTE DE LA CATALOGACIÓN
Centro catalogador/agencia de origen ICI
Lengua de catalogación spa
Centro/agencia transcriptor ICI
Normas de descripción rda
041 ## - CÓDIGO DE LENGUA
Código de lengua del texto/banda sonora o título independiente spa
050 ## - SIGNATURA TOPOGRÁFICA DE LA BIBLIOTECA DEL CONGRESO
Número de clasificación HX550.E5
Número de documento/Ítem S631976
245 10 - MENCIÓN DE TÍTULO
Título Socialismo y medio ambiente.
Mención de responsabilidad, etc. M. Caldwell, K. Coates, R. Jungk... [y otros más]
264 ## - PRODUCCIÓN, PUBLICACIÓN, DISTRIBUCIÓN, FABRICACIÓN Y COPYRIGHT
Producción, publicación, distribución, fabricación y copyright Editorial Gustavo Gili S. A;
Nombre del de productor, editor, distribuidor, fabricante Barcelona,
Fecha de producción, publicación, distribución, fabricación o copyright 1976
300 ## - DESCRIPCIÓN FÍSICA
Extensión 139 páginas
336 ## - TIPO DE CONTENIDO
Fuente rdacontent
Término de tipo de contenido texto
337 ## - TIPO DE MEDIO
Fuente rdamedia
Nombre/término del tipo de medio sin medio
338 ## - TIPO DE SOPORTE
Fuente rdacarrier
Nombre/término del tipo de soporte volumen
520 ## - SUMARIO, ETC.
Sumario, etc. Estudio sobre la relación entre el socialismo y la problemática ambiental, considerando aspectos políticos, sociales y ecológicos.
650 #4 - PUNTO DE ACCESO ADICIONAL DE MATERIA--TÉRMINO DE MATERIA
Término de materia o nombre geográfico como elemento de entrada Socialismo
Subdivisión general Aspectos ambientales.
9 (RLIN) 33498
650 #4 - PUNTO DE ACCESO ADICIONAL DE MATERIA--TÉRMINO DE MATERIA
Término de materia o nombre geográfico como elemento de entrada Medio ambiente
Subdivisión general Aspectos políticos.
9 (RLIN) 33499
650 #4 - PUNTO DE ACCESO ADICIONAL DE MATERIA--TÉRMINO DE MATERIA
Término de materia o nombre geográfico como elemento de entrada Ecología
Subdivisión general Perspectivas sociales.
9 (RLIN) 33500
650 ## - PUNTO DE ACCESO ADICIONAL DE MATERIA--TÉRMINO DE MATERIA
Término de materia o nombre geográfico como elemento de entrada Política ambiental.
9 (RLIN) 33501
650 ## - PUNTO DE ACCESO ADICIONAL DE MATERIA--TÉRMINO DE MATERIA
Término de materia o nombre geográfico como elemento de entrada Desarrollo sostenible
Subdivisión general Historia.
9 (RLIN) 33502
650 ## - PUNTO DE ACCESO ADICIONAL DE MATERIA--TÉRMINO DE MATERIA
Término de materia o nombre geográfico como elemento de entrada Ideologías políticas
Subdivisión general Relación con el medio ambiente.
9 (RLIN) 33503
700 #1 - PUNTO DE ACCESO ADICIONAL--NOMBRE DE PERSONA
Nombre de persona Caldwell, M.,
Término indicativo de función/relación autor
9 (RLIN) 33504
700 #1 - PUNTO DE ACCESO ADICIONAL--NOMBRE DE PERSONA
Nombre de persona Coates, K.,
Término indicativo de función/relación autor
9 (RLIN) 33505
700 #1 - PUNTO DE ACCESO ADICIONAL--NOMBRE DE PERSONA
Nombre de persona Jungk, R.,
Término indicativo de función/relación autor
9 (RLIN) 33506
942 ## - ELEMENTOS DE PUNTO DE ACCESO ADICIONAL (KOHA)
Fuente del sistema de clasificación o colocación Library of Congress Classification
Suprimir en OPAC 1
Tipo de ítem Koha

No items available.